Quizzes
Events
Quiz Creation
Community
Videos
Private Events
Remove Ads
Sign In
Join for FREE
Feedback
Dark Mode
Quiz Categories
Sports
Geography
Music
Movies
Television
Just For Fun
Miscellaneous
History
Literature
Language
Science
Gaming
Entertainment
Religion
Holiday
For Kids
Quiz Lab
Recent
Popular Today
Quiz Kudos Today
Editor Picks
Curator Picks
Quizzes by...
Day
Popularity
Type
Ratings
Length
Year
Community
Subscriptions
Recent Discussions
Orange Saloon
Badges
Playlists
Quests
Create
Leaderboards
Showdown
Live 5
Trivia Bingo
Activity
Puzzle Library
Sporcle Events
Private Events
Virtual Trivia
Globe League
Become a Host
Pub Owners
SporcleCon
Opinionation
Our Games
Videos
Blog
Mobile Apps
Partnerships
Remove Ads and Go Orange
Feedback
History
US Presidents
World Leaders
Politics
Nation
Discovery
War
Decade
Year
Century
Biography
Art
History
US Presidents
World Leaders
Politics
Nation
Discovery
War
Decade
Year
Century
Biography
Art
Random Quiz
Search Sporcle
×
Featured
Featured
History
World Leaders
Select answers by clicking on text or image buttons
Select answers by clicking on text or image buttons
Clickable
Best Score? Go Orange.
Follow That Line: Quotes About War Stats
Can you pick the continuation of each quote spoken about military action or war?
By
DesertSpartan
10m
20 Questions
16.3K Plays
16,291 Plays
16,291 Plays
Comments
Comments
Give Quiz Kudos
Give Quiz Kudos
-
- Ratings
hide this ad
Forced Order
Answers have to be entered in order
Answers have to be entered in order
Replay
Link that replays current quiz
Next Quiz
Link to next quiz in quiz playlist
You Got
0%
They Got
Avg Score
77%
Avg Friend Score
Upgrade to see
Score Distribution
Jump to the score distribution portion of the page
Score
0/20
Timer
10:00
0
Plays Today
% Correct
but France has not lost the war.
97.5%
but to aid the Italians against Rome.
89.5%
but one life to lose for my country.
85.5%
it is more a matter of shame, simply, for the one smitten.
83.3%
the winner is he who has one more round in his magazine.
82.2%
First we are going to cut it off, and then we are going to kill it.
82.1%
We do them because we have to, and thank God we are efficient.
82.1%
must vanish from the page of time.
82%
War to the death against the rich and their hangers-on, the bourgeois intellectuals; war on the rogues, the idlers and the rowdies!
81%
and I will storm Hell.
80%
% Correct
You win or lose, live or die — and the difference is just an eyelash.
78.7%
You have to make it fall.
78%
to sacrifice their lives and property in order to safeguard their independence and liberty.
77.4%
Let him cease to exist as a tribe or he will live to fly in your throat again.
76.6%
if we accept them we will never win.
73.9%
Death Is Not The Worst Of Evils.
72.3%
Let your masters come and attack us: we are ready to meet them beard to beard.
69.7%
And how will it disappear? What to do? Ask Mussolini.
64.8%
Liberty will nevermore be without an asylum.
60%
So are the fishes.
52.4%
Quiz Playlist
Details
Report
Send in Message
Add To Playlist
Clickable:
Select answers by clicking on text or image buttons
Forced Order:
Answers have to be entered in order
Last Updated: Jul 25, 2020
Featured
Editor Pick in
History
Curator Pick in
Follow That Line
Quiz Scoreboard
CHALLENGE
Sign Up to Join the Scoreboard
Show All
Scores
Hide
Comments
May contain spoilers
Recently Published
Pick 6: Fruits
by JohnFran
Miscellaneous
15s
Click the 1999 NBA Draft
by nibperrychub
Sports
2m
Alphabetical 'K' Countries by Flag Minefield
by ylime102
Geography
3m
More to Explore
Quiz From the Vault
Featured Blog Post
15 Basketball Trivia Facts You Can Be March Mad About
hide this ad
You Might Also Like...
Tags
Follow That Line Quiz
Quote Quiz
War Quiz
World Leaders Quiz
Military
Today's Top Quizzes in History
Browse History
hide this ad
Today's Top Quizzes in World Leaders
Browse World Leaders
Top Contributed Quizzes in History
1
Mahatma Gandhi, This Is Your Life
2
George Washington, This Is Your Life
3
'NCAA' US History
4
Famous Spring Paintings
5
Marco Polo, This Is Your Life
6
Julius Caesar, This Is Your Life
7
John F. Kennedy, This Is Your Life
8
10 to 1: Generals by War
9
I Am Born On March 18th
10
Abraham Lincoln, This Is Your Life
Explore More
Trending Topics
Crossword
Anime
Harry Potter
Kpop
Disney
NBA
Marvel
Puzzle
WWE
Pokémon
Soccer
NFL
Song
Country
The Office
hide this ad
More By:
DesertSpartan
Quiz
Plays
Rating
Category
Featured
Created
Clickable TV Catchphrases
201,672
4.54
Television
May 15, 2014
Multiple NCAA Champion States (Basketball)
168,347
4.46
Sports
Nov 24, 2013
TV Shows Named After Characters
157,829
4.47
Television
Dec 29, 2013
Name the Historical Figure Who...
154,059
4.44
History
Sep 1, 2013
Sort the Famous Brothers
153,813
4.40
Miscellaneous
Jan 31, 2015
Go to Creator's Profile
Score Distribution
Quiz Creator Spotlight
DesertSpartan
Follow
Send a Message
Quizzes Created
-
Created Quiz Play Count
-
More By This Creator
Popular Quizzes Today
1
Find the US States - No Outlines Minefield
2
Countries of Asia Without Outlines Minefield
3
Pick 6: Fruits
4
The Countries of the World
5
Alphabetical 'K' Countries by Flag Minefield
6
Find the US States
7
Match the Book to the Film X
8
Click the 1999 NBA Draft
More History Quizzes
Political Figures who Died in the 1950s
Quiz Lab
Trending Quizzes
Pick 6: Harry Potter
Pick 6: Mountains
Pick 6: NFL Teams
Pick 6: Movie Franchises
Pick 6: Golfers
Recently Updated
Women's Final Four Teams by Year
bhenderson79
Presidents Quartet II
eogle
Anything But Clue(do)
eogle
Anything But Oceanian Capitals
eogle
Anything But 7
eogle
Anything But Thing
eogle
Word Ladder: February 29
pecheneg
Song Title Questions
pecheneg
Women's NCAA Tournament #1 Seeds
pecheneg
Celebrity Mug Shots
pecheneg
Trending Topics
NBA
Disney
Crossword
Anime
Marvel
Harry Potter
Kpop
Pokémon
Soccer
Song
The Office
NFL
Puzzle
Country
WWE
Your Account Isn't Verified!
In order to create a playlist on Sporcle, you need to verify the email address you used during registration. Go to your
Sporcle Settings
to finish the process.
Report this User
Report this user for behavior that violates our
Community Guidelines
.
Details:
Send Report
Go to the Sporcle.com Mobile Site →
Comments